000 00380 a2200157 4500
001 50125
040 _cAnchieta - Bela Vista
100 _aAnchietinha Itaigara
240 1 0 _aCriança tem tanta história...
_lpor
245 1 0 _aCriança tem tanta história...
300 _a46
362 0 _a2010
440 1 _aAnchietinha Itaigara
650 4 _aLiteratura juvenil
942 _cBK
999 _c50125
_d50125